00461nam a2200181Ia 450000500170000000800410001702000220005804100080008008200160008810000120010424500380011625000110015426000370016530000090020250000280021165000280023970000120026720230306155657.0230125s9999 xx 000 0 und d a978-93-80549-92-7 aeng a920.71bDES aDesai J aRajyogi Neta Aatalbihari Vajpeyee aEd.3rd c2015bMaitreya PrakashanaMumbai a204p aBiography;Biography-Men aBiography;Biography-Men aDesai J